000 00468cam a22001337a 4500
008 180718b1979 xxu||||| |||| 00| 0 eng d
082 _aJ4x5441 K151
100 _aKashpay, S.P.
245 _aRegional planning in a consistency fremework: a study of Gujarat
_cby S.P. Kashpay
260 _aAhmedabad
_bSardar Patel Institute of Economic and Social Research
_c1979
300 _a158p.
440 _aMonograph series; 6
650 _aRegional plannning - India - Government
999 _c347521
_d347521